Statistics for Every Ariana Grande Song Ever

Click here to take the quiz!

General Stats

  • This quiz has been taken 72 times
    (5 since last reset)
  • The average score is 91 of 155

Answer Stats

HintAnswer% Correct
Sweetenerno tears left to cry
100%
thank u, nextthank u, next
100%
Positions34+35
75%
Positions (Deluxe)34+35 (ft. Doja Cat & Megan Thee Stallion)
75%
thank u, next7 rings
75%
Yours TrulyBaby I
75%
Dangerous WomanBad Decisions
75%
thank u, nextbad idea
75%
Dangerous WomanBe Alright
75%
Beauty and the Beast (Soundtrack)Beauty and the Beast (w/ John Legend)
75%
Queen [Nicki Minaj]Bed (ft. Ariana Grande)
75%
My EverythingBe My Baby (ft. Cashmere Cat)
75%
My EverythingBest Mistake (ft. Big Sean)
75%
Yours TrulyBetter Left Unsaid
75%
Sweetenerbetter off
75%
Sweetenerblazed (ft. Pharrell Williams)
75%
thank u, nextbloodline
75%
Singleboyfriend (w/ Social House)
75%
My EverythingBreak Free (ft. Zedd)
75%
thank u, nextbreak up with your girlfriend, i'm bored
75%
Dangerous WomanDangerous Woman
75%
Yours TrulyDaydreamin'
75%
Christmas & ChillDecember
75%
Charlie's Angels (Soundtrack)Don't Call Me Angel (w/ Miley Cyrus & Lana Del Rey)
75%
Dangerous WomanEveryday (ft. Future)
75%
Sweetenereverytime
75%
thank u, nextfake smile
75%
SingleFocus
75%
Sweetenerget well soon
75%
thank u, nextghostin
75%
SweetenerGod is a woman
75%
Sweetenergoodnight n go
75%
Yours TrulyHoneymoon Avenue
75%
Dangerous Woman (Deluxe)I Don't Care
75%
thank u, nextimagine
75%
Dangerous WomanInto You
75%
Christmas & Chill | My EverythingIntro
75%
Positionsjust like magic
75%
Dangerous Woman (Deluxe)Knew Better / Forever Boy
75%
Christmas KissesLast Christmas
75%
Dangerous WomanLeave Me Lonely (ft. Macy Gray)
75%
Dangerous WomanLet Me Love You (ft. Lil Wayne)
75%
Positionslove language
75%
thank u, nextmake up
75%
SingleMONOPOLY (w/ Victoria Monet)
75%
Dangerous WomanMoonlight
75%
Positionsmotive (ft. Doja Cat)
75%
Positionsmy hair
75%
thank u, nextNASA
75%
thank u, nextneedy
75%
Positionsoff the table (ft. The Weeknd)
75%
My EverythingOne Last Time
75%
My Everything (Deluxe)Only 1
75%
Yours TrulyPopular Song (Mika ft. Ariana Grande)
75%
Positionspositions
75%
Positionspov
75%
SinglePut Your Hearts Up
75%
9 [Cashmere Cat]Quit (ft. Ariana Grande)
75%
Chromatica [Lady Gaga]Rain On Me (ft. Ariana Grande)
75%
SweetenerR.E.M
75%
Christmas KissesSanta Baby (ft. Liz Gillies)
75%
Christmas & ChillSanta Tell Me
75%
Positionsshut up
75%
Dangerous WomanSide to Side (ft. Nicki Minaj)
75%
Positionssix thirty
75%
Dangerous Woman (Deluxe)Sometimes
75%
Sweetenersuccessful
75%
Sweetenersweetener
75%
Yours TrulyTattooed Heart
75%
Positions (Deluxe)test drive
75%
Sweetenerthe light is coming (ft. Nicki Minaj)
75%
Yours TrulyThe Way (ft. Mac Miller)
75%
Dangerous WomanThinking Bout You
75%
Dangerous Woman (Deluxe)Touch It
75%
Positionswest side
75%
My EverythingWhy Try
75%
Christmas & ChillWinter Things
75%
Positions (Deluxe)worst behaviour
75%
Yours TrulyYou'll Never Know
75%
Single [Cashmere Cat]Adore (ft. Ariana Grande)
50%
Hunger Games: Mockingjay Part 1 (Soundtrack)All My Love (w/ Major Lazer)
50%
Yours TrulyAlmost Is Never Enough (ft. Nathan Sykes)
50%
Charlie's Angels (Soundtrack)Bad To You (w/ Normani & Nicki Minaj)
50%
My Everything (Deluxe)Bang Bang (w/ Jessie J & Nicki Minaj)
50%
Sweetenerborderline (ft. Missy Elliott)
50%
My EverythingBreak Your Heart Right Back (ft. Childish Gambino)
50%
Sweetenerbreathin
50%
eternal sunshinebye
50%
Bloom [Troye Sivan]Dance To This (ft. Ariana Grande)
50%
eternal sunshinedon't wanna break up again
50%
eternal sunshineeternal sunshine
50%
Sing (Soundtrack)Faith (w/ Stevie Wonder)
50%
The Pinkprint [Nicki Minaj]Get On Your Knees (ft. Ariana Grande)
50%
Cuz I Love You [Lizzo]Good as Hell (ft. Ariana Grande)
50%
Charlie's Angels (Soundtrack)Got Her Own (w/ Victoria Monet)
50%
Dangerous WomanGreedy
50%
My EverythingHands on Me (ft. A$AP Ferg)
50%
Charlie's Angels (Soundtrack)How I Look On You
50%
eternal sunshineimperfect for you
50%
thank u, nextin my head
50%
eternal sunshineintro (end of the world)
50%
eternal sunshinei wish i hated you
50%
My EverythingJust a Little Bit of Your Heart
50%
Don't Look Up (Soundtrack)Just Look Up (w/ Kid Cudi)
50%
Christmas KissesLove Is Everything
50%
My EverythingLove Me Harder (ft. The Weeknd)
50%
Yours TrulyLovin' It
50%
Positions (Deluxe)main thing
50%
Dancing With The Devil [Demi Lovato]Met Him Last Night (ft. Ariana Grande)
50%
My EverythingMy Everything
50%
Positionsnasty
50%
Christmas & ChillNot Just on Christmas
50%
Positionsobvious
50%
Mariah Carey's Magical Christmas Special [Mariah Carey]Oh Santa! (ft, Ariana Grande & Jennifer Hudson)
50%
Sweetenerpete davidson
50%
My EverythingProblem (ft. Iggy Azalea)
50%
Sweetenerraindrops (an angel cried)
50%
Yours TrulyRight There (ft. Big Sean)
50%
Rap Or Go To The League [2 Chainz]Rule The World (ft. Ariana Grande)
50%
Positionssafety net (ft. Ty Dolla $ign)
50%
After Hours [The Weeknd]Save Your Tears (ft. Ariana Grande)
50%
Christmas KissesSnow In California
50%
Positions (Deluxe)someone like u
50%
Dangerous Woman (Target Exclusive)Step on Up
50%
eternal sunshinesupernatural
50%
eternal sunshinethe boy is mine
50%
Christmas & ChillTrue Love
50%
eternal sunshinetrue story
50%
eternal sunshinewe can't be friends (wait for your love)
50%
Christmas & ChillWit It This Christmas
50%
eternal sunshineyes, and?
50%
Christmas: A Season Of Love [Idina Menzel]A Hand For Mrs Claus (ft. Ariana Grande)
25%
Single [Who Is Fancy]Boys Like You (ft. Meghan Trainor & Ariana Grande)
25%
My Everything (Target Exclusive)Cadillac Song
25%
Funk Wav Bounces Vol.1 [Calvin Harris]Heatstroke (ft. Young Thug, Pharrell Williams & Ariana Grande)
25%
Planet Her [Doja Cat]I Don't Do Drugs (ft. Ariana Grande)
25%
Dangerous Woman (Target Exclusive)Jason's Song (Gave It Away)
25%
The Divine Feminine [Mac Miller]My Favourite Part (ft. Ariana Grande)
25%
Charlie's Angels (Soundtrack)Nobody (w/ Chaka Khan)
25%
Unfinished Business [Nathan Sykes]Over And Over Again (ft. Ariana Grande)
25%
Yours TrulyPiano
25%
Dark Sky Paradise [Big Sean]Research (ft. Ariana Grande)
25%
When Christmas Comes Around... [Kelly Clarkson]Santa, Can't You Hear Me (ft. Ariana Grande)
25%
eternal sunshineSaturn Returns Interlude
25%
Trolls (Soundtrack)They Don't Know
25%
3.15.20 [Childish Gambino]Time (ft. Ariana Grande)
25%
My Everything (Target Exclusive)Too Close
25%
My Everything (Deluxe)You Don't Know Me
25%
For The Girls [Kristin Chenoweth]You Don't Own Me (ft. Ariana Grande)
25%
Starboy [The Weeknd]Die For You (ft. Ariana Grande)
0%
eternal sunshineordinary things (ft. Nonna)
0%
SingleStuck with U (w/ Justin Bieber)
0%
eternal sunshine (slighty deluxe)supernatural (ft. Troye Sivan)
0%
eternal sunshine (slightly deluxe)yes, and? (ft. Mariah Carey)
0%

Score Distribution

Percentile by Number Answered

Percent of People with Each Score

Your Score History

You have not taken this quiz since the last reset